| 000 | 00671cab a2200229 4500 | ||
|---|---|---|---|
| 001 | ABS49492 | ||
| 008 | 090401t1993 xxu||||| |||| 00| 0 eng d | ||
| 035 | _a(Sirsi) u71567 | ||
| 041 | _aeng | ||
| 100 | _aMason, P. | ||
| 245 | _aBuilding on experience | ||
| 260 | _c1993 | ||
| 350 | _a0 | ||
| 490 |
_aHousing _v29(9) November 1993, 19-20(2) |
||
| 520 | _aConsiders the pros and cons of design and build procurement from the perspective of the housing association development manager. | ||
| 650 | _aDESIGN AND BUILD | ||
| 650 | _aHOUSING ASSOCIATIONS | ||
| 650 | _aPROCUREMENT METHODS | ||
| 690 | _aHOUSING-DEVELOPMENT | ||
| 942 | _n0 | ||
| 948 | _c04/03/1997 | ||
| 999 |
_c45138 _d45138 |
||